| 000 | 00345nam a2200133Ia 4500 | ||
|---|---|---|---|
| 008 | 230917s9999||||xx |||||||||||||| ||und|| | ||
| 040 |
_e221767 _aMAIN |
||
| 041 | _aEnglish | ||
| 082 | _a340 S64C | ||
| 100 | _aSingh, Nidhi | ||
| 245 | 0 | _aCompensation to victims of crime and rehabilitation measures in India | |
| 300 | _a260 p. | ||
| 942 | _cTH | ||
| 999 |
_c125436 _d125436 |
||